Patrología

Guardat en:
Dades bibliogràfiques
Autor principal: Trevijano Etcheverría, Ramón (Autor)
Format: Llibre
Idioma:espanyol
Publicat: Madrid Biblioteca de Autores Cristianos 1998
Edició:3a. ed
Col·lecció:Sapientia Fidei. Serie de Manuales de Teología
Teología Fundamental
Matèries:
Etiquetes: Afegir etiqueta
Sense etiquetes, Sigues el primer a etiquetar aquest registre!

MARC

LEADER 00000nam a2200000 a 4500
001 UCM1269
003 CL-VaPUC
008 020328e19980900SP |||||||||||||||||spa|d
020 |a 8479143665 
082 0 4 |a 270  |b TRE  |2 21 
100 0 |a Trevijano Etcheverría, Ramón  |e author  |9 468320 
245 1 0 |a Patrología 
250 |a 3a. ed 
300 |a 382 p 
942 |c BK 
945 |d 20020328 00:00:00  |a cmena 
260 |a Madrid  |b Biblioteca de Autores Cristianos  |c 1998 
650 0 |a Patrística  |9 322007 
650 0 |a Padres de la Iglesia  |9 313352 
650 0 |a Historia de la iglesia   |9 257565 
583 |a last modification  |c 20150714 11:07:02  |k Rodrigo Vera 
490 0 |a Sapientia Fidei. Serie de Manuales de Teología 
490 0 |a Teología Fundamental 
999 |c 299860  |d 299858 
952 |0 0  |1 0  |4 0  |6 270_000000000000000_TRE_1998  |7 0  |8 A  |9 356847  |a BIBEDU  |b BIBEDU  |d 2019-11-21  |i 3803112  |l 1  |o 270 TRE 1998  |p 3803112  |r 2024-03-19  |s 2024-03-13  |w 2019-11-21  |y BK  |k FIL 
952 |0 0  |1 0  |4 0  |6 270_000000000000000_TRE_1998  |7 0  |8 A  |9 356848  |a BIBTEO  |b BIBTEO  |d 2019-11-21  |i 3953424  |l 2  |m 2  |o 270 TRE 1998  |p 3953424  |r 2025-01-17  |s 2024-03-11  |w 2019-11-21  |y BK  |k ICR 
952 |0 0  |1 0  |4 0  |6 270_000000000000000_TRE_1998  |7 0  |8 A  |9 356849  |a BIBTEO  |b BIBTEO  |d 2019-11-21  |i 4266552  |l 3  |m 3  |o 270 TRE 1998  |p 4266552  |r 2025-01-17  |s 2023-04-14  |w 2019-11-21  |y BK  |k ICR 
952 |0 0  |1 0  |4 0  |6 270_000000000000000_TRE_1998  |7 0  |8 A  |9 356850  |a BIBTEO  |b BIBTEO  |d 2019-11-21  |i 4272668  |l 4  |m 2  |o 270 TRE 1998  |p 4272668  |r 2025-01-17  |s 2023-05-03  |w 2019-11-21  |y BK  |k ICR 
952 |0 0  |1 0  |4 0  |6 270_000000000000000_TRE_1998  |7 0  |8 A  |9 356851  |a BIBTEO  |b BIBTEO  |d 2019-11-21  |i 4272676  |l 1  |m 1  |o 270 TRE 1998  |p 4272676  |q 2024-07-31  |r 2024-06-12  |s 2024-06-12  |w 2019-11-21  |y BK  |k ICR